[Event "XLIII WJun"]
[Site "Kochin IND"]
[Date "2004.11.30"]
[Round "13"]
[White "Zhao Jun"]
[Black "Wojtaszek,R"]
[Result "0-1"]
[WhiteElo "2511"]
[BlackElo "2536"]

1.e4 c5 2.Nf3 d6 3.Bb5+ Bd7 4.Bxd7+ Nxd7 5.O-O Ngf6 6.Qe2 e6 7.c3 Be7 8.d4 cxd4
9.cxd4 d5 10.e5 Ne4 11.Ne1 Rc8 12.Nd3 Qb6 13.f3 Rxc1 14.Nxc1 Qxd4+ 15.Kh1 Nec5
16.Re1 O-O 17.Nb3 Nxb3 18.axb3 a6 19.Na3 Qb4 20.Rac1 Nc5 21.Rc3 Nxb3 22.Nc2 Qb6
23.f4 Nc5 24.Qe3 Qxb2 25.Nd4 Ne4 26.Rb3 Qf2 27.Qxf2 Nxf2+ 28.Kg1 Bc5 29.Kxf2 Bxd4+
30.Ke2 b6 31.g4 a5 32.Kd3 Bc5 33.Rb2 a4 34.Ra2 a3 35.Kc3 Rc8 36.Kb3 Be7 37.Rc2 Rxc2
38.Kxc2 Bc5 39.Kb3 Kf8 40.Rf1 f6 41.f5 fxe5 42.fxe6+ Ke7 43.Rf7+ Kxe6 44.Rxg7 e4
45.Rxh7 e3 46.Kc2 b5 47.Rc7 Be7 48.Kd3 b4 49.Rc6+ Ke5  0-1

[Event "Open"]
[Site "Porec HUN"]
[Date "2004.12.02"]
[Round "1"]
[White "Pahor,A"]
[Black "Franic,M"]
[Result "0-1"]
[WhiteElo "2063"]
[BlackElo "2414"]

1.e4 c5 2.Nf3 d6 3.Bb5+ Bd7 4.Bxd7+ Qxd7 5.O-O Nf6 6.Re1 Nc6 7.c3 e6 8.d4 cxd4
9.cxd4 d5 10.e5 Ne4 11.Nbd2 Nxd2 12.Bxd2 Rc8 13.Rc1 Be7 14.Bg5 Bb4 15.Re2 Ba5
16.Rec2 O-O 17.a3 Bb6 18.b4 a6 19.h4 f6 20.exf6 gxf6 21.Bh6 Rfe8 22.Qd2 Qf7
23.a4 Ra8 24.Rb2 Qg6 25.Rb3 Kh8 26.Be3 Qg4 27.Qd1 Rg8 28.g3 Bc7 29.b5 axb5
30.axb5 Bxg3 31.bxc6 Ra2 32.Bd2 Bxh4+ 33.Kf1 Qg2+ 34.Ke2 Qxf2+ 35.Kd3 Rg3
36.cxb7 Rxf3+ 37.Qxf3 Qxd2+  0-1

[Event "TCh-SWE Elitserien 2004-5"]
[Site "Stockholm/Eksjo SWE"]
[Date "2004.12.04"]
[Round "4"]
[White "Bergstrom,P"]
[Black "Soderberg,P"]
[Result "1-0"]
[WhiteElo "2334"]
[BlackElo "2235"]

1.e4 c5 2.Nf3 d6 3.Bb5+ Nc6 4.O-O Nf6 5.Re1 Bd7 6.b3 a6 7.Bf1 g6 8.Bb2 Bg7
9.c4 Bg4 10.h3 Bxf3 11.Qxf3 O-O 12.Na3 Nd4 13.Qd1 Nd7 14.Bc3 e5 15.Nc2 f5
16.exf5 gxf5 17.d3 f4 18.Bxd4 exd4 19.Be2 Ne5 20.Bf3 Rb8 21.b4 Kh8 22.Re4 Qg5
23.Rb1 b5 24.bxc5 dxc5 25.cxb5 axb5 26.Ne1 Qh6 27.Qc1 c4 28.Be2 Qa6 29.dxc4 bxc4
30.Rxb8 Rxb8 31.Qxf4 Rf8 32.Qg3 Ng6 33.Bh5 d3 34.Nf3 Qc6 35.Ng5 c3 36.Re6 Qc4
37.Bxg6 c2 38.Nf7+ Rxf7 39.Bxf7 c1=Q+ 40.Kh2 Qc8 41.Re8+ Qxe8 42.Bxe8 Qb2
43.Bf7 d2 44.Bb3 Be5 45.f4 Bg7 46.Qe3 Bf6 47.Qe8+ Kg7 48.Qg8+ Kh6 49.Qf8+ Bg7
50.Qf5 Bf6 51.Bg8 d1=Q 52.Qxh7+  1-0

[Event "TCh-BEL 2004-5"]
[Site "Belgium BEL"]
[Date "2004.12.05"]
[Round "5"]
[White "Van den Brande,W"]
[Black "Breder,D"]
[Result "0-1"]
[WhiteElo "2241"]
[BlackElo "2454"]

1.e4 c5 2.Nf3 d6 3.Bb5+ Bd7 4.Bxd7+ Qxd7 5.c4 Nc6 6.d4 cxd4 7.Nxd4 Nf6 8.Nc3 g6
9.Nde2 Bg7 10.f3 O-O 11.O-O a6 12.a4 Rac8 13.Bg5 e6 14.b3 h6 15.Bh4 Rfd8
16.Rb1 g5 17.Bf2 d5 18.Bb6 Re8 19.cxd5 exd5 20.Nxd5 Nxd5 21.exd5 Ne7 22.Re1 Nxd5
23.Bd4 Rxe2 24.Rxe2 Nf4 25.Bxg7 Qxd1+ 26.Rxd1 Nxe2+ 27.Kf1 Nc3 28.Bxc3 Rxc3
29.Rd6 Rxb3 30.Rxh6 Rb4 31.Kf2 Kf8 32.h3 Ke7 33.Ke3 a5 34.g3 Rxa4 35.Rh5 Kf6
36.Rh6+ Ke7 37.Rh5 Kf6 38.Rh6+ Ke5 39.f4+ gxf4+ 40.gxf4+ Rxf4 41.Rh5+ Rf5
42.Rh8 b5 43.Ra8 a4 44.Ra5 Kd6  0-1

[Event "Extraliga CZE 2004-5"]
[Site "Czech Rep CZE"]
[Date "2004.12.05"]
[Round "4"]
[White "Bolacky,J"]
[Black "Virostko,P"]
[Result "0-1"]
[WhiteElo "2267"]
[BlackElo "2296"]

1.e4 c5 2.Nf3 d6 3.Bb5+ Bd7 4.Bxd7+ Nxd7 5.O-O Ngf6 6.Qe2 e6 7.d4 cxd4 8.Nxd4 Be7
9.c4 a6 10.b3 O-O 11.Nc3 Qa5 12.Bb2 Rac8 13.Rac1 Bd8 14.Rfd1 Bc7 15.a3 Rfe8
16.b4 Qg5 17.Nf3 Qh5 18.Nd2 Qh6 19.Nf1 Bb8 20.Rd3 d5 21.c5 Ne5 22.Rh3 Qg5
23.Qd2 Qg6 24.exd5 Nc4 25.Qc2 Nxb2 26.Qxb2 exd5 27.Ne2 Be5 28.Nd4 Qg4 29.Rd3 Nh5
30.f3 Qg6 31.Rcd1 Nf4 32.Re3 Qf6 33.Kh1 Ne6 34.Rxe5 Qxe5 35.Qf2 Nxd4 36.Qxd4 Rcd8
37.Kg1 Qxd4+ 38.Rxd4 Re2 39.Nd2 Ree8 40.Kf2 f6 41.a4 Kf7 42.Nb3 Rd7 43.Na5 Ree7
44.b5 axb5 45.axb5 Ke6 46.b6 Re8 47.c6 bxc6 48.Nxc6 Kd6  0-1

[Event "It"]
[Site "Legnica POL"]
[Date "2004.12.05"]
[Round "4"]
[White "Izbinski,B"]
[Black "Czakon,J"]
[Result "1/2-1/2"]
[WhiteElo "2289"]
[BlackElo "2416"]

1.e4 c5 2.Nf3 d6 3.Bb5+ Bd7 4.Bxd7+ Qxd7 5.O-O Nc6 6.Re1 Nf6 7.c3 e6 8.d4 cxd4
9.Nxd4 Be7 10.Bg5 O-O 11.Na3 Rac8 12.Nac2 h6 13.Bh4 Rfd8 14.Qe2 a6 15.Rad1 b5
16.Nxc6 Qxc6 17.a3 Qb7 18.Rd3 Rc4 19.Bxf6 Bxf6 20.f3 Be7 21.Red1 Rdc8 22.Kf1  1/2-1/2

[Event "Open"]
[Site "Banja Luka BIH"]
[Date "2004.12.07"]
[Round "4"]
[White "Organdziev,O"]
[Black "Jakovljevic,Vlado"]
[Result "1-0"]
[WhiteElo "2352"]
[BlackElo "2410"]

1.e4 c5 2.Nf3 d6 3.Bb5+ Bd7 4.Bxd7+ Qxd7 5.O-O Nc6 6.c3 Nf6 7.d4 cxd4 8.cxd4 d5
9.e5 Ne4 10.Nbd2 Nxd2 11.Bxd2 e6 12.Rc1 Be7 13.Rc3 O-O-O 14.b4 Kb8 15.Rb3 Rc8
16.b5 Nd8 17.a4 f5 18.a5 Nf7 19.Ne1 Rc4 20.Qa1 Rhc8 21.Nd3 g5 22.Rfb1 g4
23.Kf1 Qe8 24.Nb4 Bxb4 25.Rxb4 Rxb4 26.Rxb4 Rc2 27.Ke1 Qe7 28.Qa4 Rc8 29.b6 a6
30.Rb2 Rc4 31.Bb4 Qd8 32.Rc2 Rxc2 33.Qxc2 Qc8 34.Bc5 Qc6 35.Bd6+ Nxd6 36.Qxc6 bxc6
37.exd6 Kc8 38.Kd2  1-0

[Event "Asian Women"]
[Site "Beirut LIB"]
[Date "2004.12.07"]
[Round "5"]
[White "Vijayalakshmi,S"]
[Black "Karavade,E"]
[Result "1/2-1/2"]
[WhiteElo "2411"]
[BlackElo "2307"]

1.e4 c5 2.Nf3 d6 3.Bb5+ Nd7 4.d4 Nf6 5.Nc3 cxd4 6.Qxd4 a6 7.Bxd7+ Bxd7 8.Bg5 e6
9.e5 dxe5 10.Nxe5 Be7 11.O-O-O Bc6 12.Nxc6 bxc6 13.Bxf6 Bxf6 14.Qc5 Qc7 15.Nd5 exd5
16.Rhe1+ Kd7 17.Rxd5+ cxd5 18.Qxd5+ Kc8 19.Qxa8+ Qb8 20.Qxa6+ Qb7 21.Qc4+ Qc7
22.Qxc7+ Kxc7 23.c3 Kd7 24.Kc2 Re8 25.Rxe8 Kxe8 26.Kd3 Kd7 27.a4 Kc6 28.b4 Be7
29.Kc4 Bd8 30.f3 Bc7 31.h3 Bd8 32.Kb3 Kd5 33.c4+ Kd4 34.a5 Bc7 35.a6 Bb8
36.c5 Kd5 37.Ka3 Kc6 38.Ka4 g5 39.Ka3 h5 40.h4 gxh4 41.Ka4 h3 42.gxh3 h4
43.Ka3 Kb5 44.Kb3 Kxa6 45.Ka4 Bg3 46.b5+ Kb7 47.Kb4 Bf2 48.Kc4 Kc7 49.Kd5 Bg3
50.Kc4 Bf4 51.Kd3 Bh2 52.Ke4 Bg1 53.Kd5 Bh2 54.Kd4 Bg3 55.Ke3 Bh2 56.Kd3 Bg1
57.Kc4 Bh2 58.Kb4 Bg3  1/2-1/2

[Event "Region Champ"]
[Site "Voronezh RUS"]
[Date "2004.12.07"]
[Round "5"]
[White "Rodin,D"]
[Black "Severgin,V"]
[Result "0-1"]
[WhiteElo "2421"]
[BlackElo "2229"]

1.e4 c5 2.Nf3 d6 3.Bb5+ Bd7 4.Bxd7+ Qxd7 5.c4 Nc6 6.Nc3 g6 7.d4 cxd4 8.Nxd4 Bg7
9.Be3 Nf6 10.f3 O-O 11.O-O Rab8 12.Rc1 Rfc8 13.b3 a6 14.a4 Qd8 15.Rf2 Nd7
16.Rd2 Qf8 17.Nd5 Nxd4 18.Bxd4 Bxd4+ 19.Rxd4 a5 20.f4 b6 21.f5 Rb7 22.Rc3 Re8
23.Rf3 Qg7 24.Rd2 Qe5 25.Re2 Nc5 26.f6 e6 27.Qd2 exd5 28.Qh6 Ne6 29.Rh3 Qa1+
30.Kf2 Qxf6+ 31.Kg1 Qa1+ 32.Kf2 Qf6+ 33.Kg1 Nf8 34.cxd5 Rc7 35.Rf3 Qd4+ 36.Kf1 Rxe4  0-1

[Event "Open"]
[Site "Ashdod ISR"]
[Date "2004.12.09"]
[Round "1"]
[White "Roizman,M"]
[Black "Huzman,A"]
[Result "0-1"]
[WhiteElo "2223"]
[BlackElo "2581"]

1.e4 c5 2.Nf3 d6 3.Bb5+ Nc6 4.O-O Bd7 5.Re1 Nf6 6.h3 a6 7.Bf1 e6 8.c3 Be7
9.d3 O-O 10.Nbd2 Rc8 11.a3 b5 12.b3 Qb6 13.Bb2 e5 14.b4 Rfe8 15.d4 exd4 16.cxd4 cxd4
17.Nb3 Bd8 18.Qb1 Qb7 19.Bd3 Ne5 20.Nbd2 Bb6 21.Bxd4 Bxd4 22.Nxd4 Rc3 23.Bf1 Qb6
24.N4f3 Nxf3+ 25.Nxf3 Bxh3 26.Qb2 Rec8 27.Rac1 Rxc1 28.Rxc1 Rxc1 29.Qxc1 Be6
30.Qf4 h6 31.Bd3 Ng4 32.Qg3 Qc7 33.Nd4 Qc1+ 34.Bf1 Ne5 35.Nxe6 fxe6 36.f4 Nd7
37.f5 e5 38.Qb3+ Kh8 39.a4 Nf6 40.axb5 axb5 41.Qd3 Kh7 42.Qxd6 Qe3+ 43.Kh1 Qe1
44.Kg1 Qe3+ 45.Kh1 Qxe4 46.Bxb5 Qe1+ 47.Kh2 Ng4+ 48.Kh3 Nf2+ 49.Kh2 Qh1+  0-1

[Event "It Chiburdanidze"]
[Site "Tblisi GEO"]
[Date "2004.12.09"]
[Round "7"]
[White "Mikadze,M"]
[Black "Dzagnidze,N"]
[Result "0-1"]
[WhiteElo "2172"]
[BlackElo "2484"]

1.e4 c5 2.Nf3 d6 3.Bb5+ Nc6 4.c3 Nf6 5.d3 e5 6.Nbd2 Be7 7.Nf1 O-O 8.Ng3 Bg4
9.O-O a6 10.Ba4 b5 11.Bc2 d5 12.h3 Be6 13.Ng5 Bc8 14.Qe2 h6 15.Nf3 Re8 16.Rd1 d4
17.Nh4 Bf8 18.Bd2 g6 19.Bb3 Be6 20.Bxe6 Rxe6 21.Rac1 Nd7 22.Nf3 Nb6 23.cxd4 cxd4
24.Rc2 Rc8 25.Rdc1 Qd7 26.Be1 Ree8 27.h4 h5 28.Ng5 f6 29.Nxh5 gxh5 30.Qxh5 fxg5
31.Qg6+ Qg7 32.Rxc6 Qxg6 33.Rxg6+ Kh7 34.Rxc8 Rxc8 35.Rxb6 Rc1 36.f4 Bb4
37.fxg5 Bxe1 38.Kh2 Bxh4 39.g6+ Kg7 40.Rxa6 Rd1 41.Rb6 Rxd3 42.Rxb5 Kxg6
43.Rb8 Bg3+ 44.Kh3 Bf4+ 45.Kh4 Rd1 46.Kg4 d3 47.Rb6+ Kf7 48.Kf5 Ke7 49.a4 d2
50.Rb7+ Kd6 51.Rb6+ Kc7  0-1

[Event "ch-IND"]
[Site "Visakhapatnam IND"]
[Date "2004.12.09"]
[Round "8"]
[White "Venkatesh,M"]
[Black "Konguvel,P"]
[Result "0-1"]
[WhiteElo "2450"]
[BlackElo "2403"]

1.e4 c5 2.Nf3 d6 3.Bb5+ Bd7 4.Bxd7+ Qxd7 5.c4 Nc6 6.Nc3 g6 7.d4 cxd4 8.Nxd4 Bg7
9.Nde2 Nf6 10.O-O O-O 11.f3 a6 12.a4 e6 13.Bg5 Qc7 14.b3 Nd7 15.Rb1 Nc5 16.Kh1 Rac8
17.Bh4 h6 18.f4 Kh7 19.f5 Be5 20.Rf3 g5 21.Be1 Nd7 22.Rh3 Nf6 23.Ng3 Rg8
24.Bd2 Qe7 25.Nce2 Ng4 26.Qf1 Nd4 27.Nxd4 Bxd4 28.Be1 Rc5 29.Qf3 Nf6 30.Bd2 Be5
31.Ne2 Kg7 32.Rf1 b5 33.cxb5 axb5 34.Qd3 bxa4 35.bxa4 Qb7 36.fxe6 fxe6 37.Nd4 Re8
38.Re1 Qb2 39.Nf3 Ng4 40.Qe2 Rf8 41.Rf1 Rc2 42.Rd1 Bd4 43.Nxd4 Nf2+ 44.Qxf2 Rxf2
45.Be3 Rfd2 46.Nxe6+ Kf7 47.Nd8+ Ke8  0-1

[Event "Open"]
[Site "Banja Luka BIH"]
[Date "2004.12.10"]
[Round "7"]
[White "Organdziev,O"]
[Black "Elez,S"]
[Result "1-0"]
[WhiteElo "2352"]
[BlackElo "2173"]

1.e4 c5 2.Nf3 d6 3.Bb5+ Nc6 4.O-O Bd7 5.Re1 a6 6.Bf1 Bg4 7.d3 Nf6 8.Nbd2 e6
9.h3 Bh5 10.b3 Be7 11.Bb2 O-O 12.a4 d5 13.e5 Nd7 14.g4 Bg6 15.Bg2 Rc8 16.Qe2 Nb4
17.Rec1 d4 18.a5 Nd5 19.Nc4 Nb8 20.Re1 Nc6 21.Qd2 Ncb4 22.Ba3 Nc6 23.Rf1 f5
24.exf6 Rxf6 25.Rae1 Nf4 26.Ng5 Qc7 27.Ne4 Bxe4 28.Rxe4 Rcf8 29.Bc1 Nb4 30.Nb6 Na2
31.Bb2 Rh6 32.Rxf4 Rxf4 33.Re1 Bh4 34.Re2 Rhf6 35.f3 h5 36.Nc4 hxg4 37.hxg4 Bg5
38.Qe1 Qc6 39.Re5 Rg6 40.Qg3 Rf8 41.Re4 Rgf6 42.f4 Qc7 43.Qe1 Bxf4 44.Rxe6 Qd7
45.Rxf6 Rxf6 46.Qe2 Bb8 47.Nb6 Qd8 48.g5 Rf7 49.g6 Bh2+ 50.Kh1 Re7 51.Qf2 Bf4
52.Qxf4 Re1+ 53.Kh2 Qe7 54.Ba3 Qe5 55.Qxe5 Rxe5 56.Bxb7 Nb4 57.Bxb4 cxb4
58.Nd5 Re2+ 59.Kg3 Rxc2 60.Bxa6 Ra2 61.Nxb4 Rxa5 62.Kf4 Ra3 63.Bc4+ Kh8 64.Nd5  1-0

[Event "ch-IND"]
[Site "Visakhapatnam IND"]
[Date "2004.12.11"]
[Round "10"]
[White "Sandipan,C"]
[Black "Bakre,T"]
[Result "1/2-1/2"]
[WhiteElo "2543"]
[BlackElo "2491"]

1.e4 c5 2.Nf3 d6 3.Bb5+ Bd7 4.Bxd7+ Qxd7 5.O-O Nf6 6.e5 dxe5 7.Nxe5 Qd6 8.Re1 Nc6
9.Nxc6 Qxc6 10.b3 e6 11.Bb2 Be7 12.Nc3 O-O 13.d3 Rad8 14.Re3 Nd5 15.Nxd5 Rxd5
16.Rg3 Rg5 17.Rxg5 Bxg5 18.Qg4 Bh6 19.Qh4 Bd2 20.a3 f6 21.a4 Ba5 22.Qc4 Qd5
23.Ba3 Rc8 24.Rd1 a6 25.Kf1 Rc6 26.Qxd5 exd5 27.c4 d4 28.Rb1 Bc3 29.Ke2 Kf7
30.Kf3 a5 31.Bb2 Bxb2 32.Rxb2  1/2-1/2

[Event "Bykova Mem"]
[Site "Vladimir RUS"]
[Date "2004.12.11"]
[Round "5"]
[White "Bashkite,V"]
[Black "Shaidullina,S"]
[Result "1-0"]
[WhiteElo "2206"]
[BlackElo "2308"]

1.e4 c5 2.Nf3 d6 3.Bb5+ Bd7 4.Bxd7+ Nxd7 5.O-O Ngf6 6.d3 e6 7.c4 Be7 8.Nc3 Ne5
9.Ne1 O-O 10.f4 Nc6 11.Nf3 a6 12.Kh1 Qc7 13.Be3 Rab8 14.a4 Rfd8 15.Bg1 Bf8
16.Rc1 Rbc8 17.b3 Qa5 18.Qe2 e5 19.fxe5 dxe5 20.Nd5 Rd6 21.Nh4 Nxd5 22.exd5 Nd4
23.Bxd4 exd4 24.Nf5 Rg6 25.Rce1 h6 26.Ne7+ Bxe7 27.Qxe7 Rf8 28.Re2 Qb6 29.Rfe1 Qd6
30.Qxd6 Rxd6 31.g3 g6 32.Re7 Rb6 33.a5 Rf6 34.Rxb7 Rf3 35.d6 Rd8 36.d7 Kf8
37.Rc7 Re3 38.Rxe3 dxe3 39.Rc8 Ke7 40.Rxd8 Kxd8 41.Kg2 Kxd7 42.Kf3 Kd6 43.Kxe3 Ke5
44.d4+ Kd6 45.dxc5+ Kxc5 46.Ke4 f6 47.g4 h5 48.gxh5 gxh5 49.h4 Kb4 50.Kd5 f5
51.c5 f4 52.c6 f3 53.c7 f2 54.c8=Q f1=Q 55.Qc4+ Qxc4+ 56.bxc4 Kxa5 57.c5  1-0

[Event "Open"]
[Site "Ashdod ISR"]
[Date "2004.12.12"]
[Round "5"]
[White "Tseitlin,Ma"]
[Black "Huzman,A"]
[Result "1/2-1/2"]
[WhiteElo "2406"]
[BlackElo "2581"]

1.e4 c5 2.Nf3 d6 3.Bb5+ Nc6 4.Bxc6+ bxc6 5.O-O e5 6.Re1 g5 7.d3 h6 8.b4 cxb4
9.a3 bxa3 10.Nxa3 Bg7 11.Nc4 Ne7  1/2-1/2

[Event "ch-IND"]
[Site "Visakhapatnam IND"]
[Date "2004.12.12"]
[Round "12"]
[White "Neelotpal,D"]
[Black "Shetty,R"]
[Result "1/2-1/2"]
[WhiteElo "2458"]
[BlackElo "2369"]

1.e4 c5 2.Nf3 d6 3.Bb5+ Bd7 4.Bxd7+ Qxd7 5.c4 Nc6 6.Nc3 g6 7.d4 cxd4 8.Nxd4 Bg7
9.Be3 Nf6 10.f3 O-O 11.O-O Rac8 12.b3 a6 13.a4 Rfe8 14.Ra2 Qd8 15.Rd2 Qa5
16.Nde2 Nd7 17.Nd5 b5 18.cxb5 axb5 19.Ra2 bxa4 20.Rxa4 Qb5 21.b4 Qb7 22.Qd2 e6
23.Ndc3 Nb6 24.Bxb6  1/2-1/2

[Event "IX It"]
[Site "Elgoibar ESP"]
[Date "2004.12.14"]
[Round "4"]
[White "Felgaer,R"]
[Black "Cheparinov,I"]
[Result "1-0"]
[WhiteElo "2569"]
[BlackElo "2576"]

1.e4 c5 2.Nf3 d6 3.Bb5+ Nc6 4.O-O Bd7 5.Re1 Nf6 6.c3 a6 7.Bf1 Bg4 8.d3 e6
9.Nbd2 Nd7 10.h3 Bh5 11.a3 Be7 12.b4 O-O 13.bxc5 dxc5 14.g4 Bg6 15.d4 cxd4
16.cxd4 h5 17.gxh5 Bxh5 18.Qb3 b5 19.Bb2 Rc8 20.Rac1 Nb6 21.Qe3 Na4 22.Ba1 Qd6
23.d5 exd5 24.exd5 Qxd5 25.Bg2 Qd6 26.Ne4 Qg6 27.Ng3 Bxf3 28.Qxf3 Bc5 29.Nf5 Rfd8
30.Re4 Rd2 31.Rxc5 Nxc5 32.Rg4 Qe6 33.Bxg7 Rd3 34.Bd4+  1-0

[Event "Master Open"]
[Site "Singapore SIN"]
[Date "2004.12.14"]
[Round "5"]
[White "Mok Tze Meng"]
[Black "Visweswaran,K"]
[Result "1-0"]
[WhiteElo "2336"]
[BlackElo "2297"]

1.e4 c5 2.Nf3 d6 3.Bb5+ Nd7 4.d4 Nf6 5.dxc5 Qa5+ 6.Nc3 Nxe4 7.c6 bxc6 8.Bxc6 Nxc3
9.Qd2 Rb8 10.O-O Qc5 11.Qxc3 Qxc3 12.bxc3 Bb7 13.Ba4 Kd8 14.Ng5 Bd5 15.Bb3 f6
16.Bxd5 fxg5 17.Bxg5 Nb6 18.Be6 g6 19.c4 h6 20.Be3 Bg7 21.Rad1 Kc7 22.c5 Nc8
23.c4 Rd8 24.cxd6+ exd6 25.c5 g5 26.f4 Re8 27.f5 Be5 28.Rb1 Rxb1 29.Rxb1 dxc5
30.Bxc5 Nb6 31.Rd1 Kc6 32.Rc1 Kb5 33.Be3 Ka6 34.h4 Bf6 35.hxg5 hxg5 36.g4 Rh8
37.Kf2 Rh4 38.Kg3 Be5+ 39.Kf3 Bf6 40.Rc7 Rh3+ 41.Ke4 Rg3 42.Rf7 Bd8 43.f6  1-0

[Event "ch-IND"]
[Site "Visakhapatnam IND"]
[Date "2004.12.14"]
[Round "14"]
[White "Venkatesh,M"]
[Black "Shetty,R"]
[Result "1-0"]
[WhiteElo "2450"]
[BlackElo "2369"]

1.e4 c5 2.Nf3 d6 3.Bb5+ Bd7 4.Bxd7+ Qxd7 5.c4 Nc6 6.Nc3 g6 7.d4 cxd4 8.Nxd4 Bg7
9.Nde2 Nf6 10.O-O O-O 11.f3 Rac8 12.a4 Rfe8 13.Rb1 Qd8 14.b3 a6 15.Kh1 Nd7
16.Be3 Qa5 17.Qd2 Qb4 18.f4 Nc5 19.Qc2 Qa5 20.f5 e6 21.Rf3 Qd8 22.Rbf1 Rc7
23.f6 Bf8 24.Nd4 Nb4 25.Qf2 d5 26.Qh4 Nxe4 27.Nxe4 dxe4 28.Rh3 h5 29.g4 Rc5
30.Nf5 Rxf5 31.gxf5 exf5 32.Qxh5  1-0

[Event "XVII Torre Mem"]
[Site "Yucatan MEX"]
[Date "2004.12.14"]
[Round "3"]
[White "Hernandez,Gi"]
[Black "Martin del Campo,R"]
[Result "1/2-1/2"]
[WhiteElo "2509"]
[BlackElo "2404"]

1.e4 c5 2.Nf3 d6 3.Bb5+ Bd7 4.Bxd7+ Qxd7 5.O-O Nc6 6.c3 Nf6 7.Re1 e6 8.d4 cxd4
9.cxd4 d5 10.e5 Ne4 11.Nbd2 Nxd2 12.Bxd2 Be7 13.Rc1 O-O 14.Rc3 Rfc8 15.a3 Bd8
16.Qb1  1/2-1/2

[Event "zt 3.1 w"]
[Site "Beirut LIB"]
[Date "2004.12.15"]
[Round "2"]
[White "Algildah,N"]
[Black "Mouradian,K"]
[Result "0-1"]
[WhiteElo "1825"]
[BlackElo "2119"]

1.e4 c5 2.Nf3 d6 3.Bb5+ Nc6 4.d4 cxd4 5.Nxd4 Bd7 6.Bxc6 bxc6 7.O-O e5 8.Ne2 Nf6
9.f3 Be7 10.b3 O-O 11.c4 Be6 12.Nbc3 Rb8 13.Be3 Qc7 14.Qc2 d5 15.cxd5 cxd5
16.exd5 Nxd5 17.Bd2 Bc5+ 18.Kh1 Ne3 19.Bxe3 Bxe3 20.Qe4 Bg5 21.Rad1 f5 22.Qa4 Qf7
23.f4 Bf6 24.fxe5 Bxe5 25.Nd4 Qh5 26.h3 Bc8 27.Nc6 Bb7 28.Nxe5 Qxh3+  0-1

[Event "Revolution Mem"]
[Site "Bucharest ROM"]
[Date "2004.12.15"]
[Round "1"]
[White "Sanduleac,V"]
[Black "Enoiu,A"]
[Result "1-0"]
[WhiteElo "2486"]
[BlackElo "2131"]

1.e4 c5 2.Nf3 d6 3.Bb5+ Bd7 4.Bxd7+ Qxd7 5.O-O Nc6 6.c3 Nf6 7.Qe2 e6 8.d4 d5
9.e5 Ne4 10.Be3 cxd4 11.cxd4 Be7 12.Ne1 h6 13.f3 Ng5 14.Nd2 O-O 15.a3 Nh7
16.f4 f6 17.exf6 Nxf6 18.Nd3 Rae8 19.Ne5 Qd8 20.Rac1 Nxe5 21.dxe5 Nd7 22.Nb3 Nb6
23.Nd4 Qd7 24.f5 exf5 25.e6 Qd8 26.Nxf5 Bg5 27.Bxg5 Qxg5 28.Nd6 Rxf1+ 29.Rxf1 Re7
30.Nf5 Re8 31.e7 Qf6 32.a4 Nc4 33.Qh5 Qb6+ 34.Kh1 Qc6 35.Nxh6+  1-0

[Event "III Pereyra Mem"]
[Site "Mendoza ARG"]
[Date "2004.12.15"]
[Round "7"]
[White "Rosito,J"]
[Black "Mavrich,L"]
[Result "1-0"]
[WhiteElo "2403"]
[BlackElo "2110"]

1.e4 c5 2.Nf3 d6 3.Bb5+ Nd7 4.d4 cxd4 5.Qxd4 a6 6.Bxd7+ Bxd7 7.c4 Nf6 8.Nc3 e6
9.b3 Be7 10.O-O O-O 11.Bb2 b5 12.cxb5 axb5 13.a4 bxa4 14.bxa4 Qa5 15.Rfd1 Rfb8
16.Qd2 Bc6 17.Nd4 Bb7 18.f3 Qb6 19.Nb5 Ba6 20.Kh1 Bf8 21.Rab1 e5 22.Nf5 Bxb5
23.axb5 Qxb5 24.Nxd6 Bxd6 25.Qxd6 Re8 26.Bc3 Qc4 27.Bxe5 Ra6 28.Qd4 Qxd4
29.Bxd4 Nh5 30.Rb5 Nf4 31.Be3 Ng6 32.h3 h6 33.Kh2 Ra3 34.Bc1 Ra2 35.Rd2 Rxd2
36.Bxd2 Rd8 37.Ba5 Rd7 38.Kg3 Kh7 39.h4 Ne7 40.h5 Nc6 41.Bc3 Nd8 42.Rd5 Rxd5
43.exd5 Nb7 44.Bb4 f6 45.Kf4 Kg8 46.Kf5  1-0

[Event "ch-Marshall CC"]
[Site "New York USA"]
[Date "2004.12.15"]
[Round "5"]
[White "Shevelev,D"]
[Black "Yudasin,L"]
[Result "0-1"]
[WhiteElo "2299"]
[BlackElo "2547"]

1.e4 c5 2.Nf3 d6 3.Bb5+ Nd7 4.d4 Nf6 5.Nc3 cxd4 6.Qxd4 e5 7.Qd3 h6 8.Nd2 Be7
9.Nc4 O-O 10.Bxd7 Bxd7 11.Nxd6 Qc7 12.Nf5 Bxf5 13.exf5 e4 14.Qg3 Bd6 15.Qh4 Qc4
16.Bxh6 Be5 17.Bd2 Rfd8 18.Rd1 b5 19.b3 Qc6 20.Nb1 Qxc2 21.O-O Qxa2 22.g4 e3
23.fxe3 Ne4 24.Bc3 Rxd1 25.Rxd1 Ng5 26.Qxg5 Qxh2+ 27.Kf1 Qh3+ 28.Ke2 f6 29.Qh5 Qg2+
30.Kd3 Rd8+ 31.Bd4 Bxd4 32.exd4 Qf3+ 33.Kc2 Rc8+  0-1

[Event "Master Open"]
[Site "Singapore SIN"]
[Date "2004.12.15"]
[Round "7"]
[White "Yu Shaoteng"]
[Black "Paragua,M"]
[Result "1/2-1/2"]
[WhiteElo "2517"]
[BlackElo "2534"]

1.e4 c5 2.Nf3 d6 3.Bb5+ Bd7 4.Bxd7+ Qxd7 5.O-O Nc6 6.c3 d5 7.exd5 Qxd5 8.d4 e6
9.Be3 Nf6 10.Qa4 Ng4 11.Bg5 h6 12.Bh4 g5 13.Bg3 h5 14.c4 Qd7 15.d5 exd5 16.Re1+ Be7
17.Nc3 h4 18.Bd6 d4 19.Rxe7+ Nxe7 20.Re1 Ne3 21.Nb5 O-O 22.Bxe7 Nxg2 23.Kxg2 Qg4+
24.Kf1 Qxf3 25.Qd1 Qh1+ 26.Ke2 Qe4+ 27.Kf1 Qh1+ 28.Ke2 Qe4+ 29.Kd2 Qf4+ 30.Kc2 Qxf2+
31.Kb3 Rfe8 32.Nc7 b5 33.Nxa8 bxc4+ 34.Kxc4 Qxb2 35.Nc7 Qb4+ 36.Kd5 Qb7+
37.Kc4 Qb4+  1/2-1/2

[Event "Open"]
[Site "Zadar CRO"]
[Date "2004.12.16"]
[Round "6"]
[White "Nevednichy,V"]
[Black "Fercec,N"]
[Result "1-0"]
[WhiteElo "2552"]
[BlackElo "2477"]

1.e4 c5 2.Nf3 d6 3.Bb5+ Nc6 4.c3 Nf6 5.Qe2 Bd7 6.d4 a6 7.Bxc6 Bxc6 8.d5 Bd7
9.O-O g6 10.c4 Bg7 11.e5 dxe5 12.Nxe5 O-O 13.Nc3 Bf5 14.Bf4 Nh5 15.Bd2 e6
16.f4 exd5 17.g4 f6 18.gxf5 fxe5 19.fxe5 Re8 20.Nxd5 Rxe5 21.Qg4 Nf6 22.Nxf6+ Qxf6
23.Bc3 gxf5 24.Bxe5 Qxe5 25.Qxf5 Qxb2 26.Kh1 Qxa1 27.Rxa1 Bxa1 28.Qb1 Bd4
29.Qxb7 Rf8 30.Qxa6 Rf2 31.h4 Kg7 32.a4 Rf4 33.a5 Rxh4+ 34.Kg2 h5 35.Qb7+  1-0

[Event "Revolution Mem"]
[Site "Bucharest ROM"]
[Date "2004.12.18"]
[Round "5"]
[White "Nemeth,F"]
[Black "Ionescu,Cr"]
[Result "1/2-1/2"]
[WhiteElo "2403"]
[BlackElo "2269"]

1.e4 c5 2.Nf3 d6 3.Bb5+ Nd7 4.O-O Nf6 5.Re1 a6 6.Bf1 b6 7.d4 cxd4 8.Nxd4 Bb7
9.f3 g6 10.c4 Bg7 11.Nc3 O-O 12.Be3 e6 13.Qd2 Qc7 14.Rad1 Rfd8 15.Nb3 Nc5
16.Bf4 Ne8 17.Qe3 Rab8 18.Rd2 Ba8 19.Red1 Bf6 20.Nc1 Nd7  1/2-1/2

[Event "4th NAO GM"]
[Site "Paris FRA"]
[Date "2004.12.18"]
[Round "4"]
[White "Libiszewski,F"]
[Black "Maze,S"]
[Result "1/2-1/2"]
[WhiteElo "2419"]
[BlackElo "2464"]

1.e4 c5 2.Nf3 d6 3.Bb5+ Nc6 4.O-O Bd7 5.Re1 Nf6 6.c3 a6 7.Bf1 Bg4 8.h3 Bxf3
9.Qxf3 g6 10.Rd1 e5 11.Na3 Bg7 12.Nc2 O-O 13.d4 cxd4 14.cxd4 Nd7 15.d5 Nd4
16.Nxd4 exd4 17.Bf4 Ne5 18.Bxe5 dxe5 19.Rac1  1/2-1/2

[Event "Asian U14"]
[Site "Singapore SIN"]
[Date "2004.12.18"]
[Round "9"]
[White "Toufighi,H"]
[Black "Nguyen Viet Chung"]
[Result "1-0"]
[WhiteElo "2146"]
[BlackElo "2045"]

1.e4 c5 2.Nf3 d6 3.Bb5+ Bd7 4.Bxd7+ Qxd7 5.O-O Nc6 6.c3 Nf6 7.Re1 e6 8.d4 cxd4
9.cxd4 d5 10.e5 Ne4 11.a3 Be7 12.Qd3 O-O 13.Nbd2 Nxd2 14.Bxd2 Rfc8 15.Rad1 Bd8
16.h4 Ne7 17.Ng5 Ng6 18.h5 Nf8 19.h6 f5 20.exf6 gxf6 21.Nxe6 Nxe6 22.Rxe6 Rc6
23.Qg3+ Kh8 24.Re8+  1-0

[Event "Open"]
[Site "Zadar CRO"]
[Date "2004.12.18"]
[Round "8"]
[White "Nevednichy,V"]
[Black "Kovacevic,A"]
[Result "1/2-1/2"]
[WhiteElo "2552"]
[BlackElo "2556"]

1.e4 c5 2.Nf3 d6 3.Bb5+ Bd7 4.Bxd7+ Qxd7 5.O-O Nc6 6.c3 Nf6 7.Re1 e6 8.d4 cxd4
9.cxd4 d5 10.e5 Ne4 11.Nbd2 Nxd2 12.Bxd2 Be7 13.Rc1 O-O 14.Rc3 Rfc8 15.a3 a5
16.Rd3 b5  1/2-1/2

[Event "Open"]
[Site "Zadar CRO"]
[Date "2004.12.19"]
[Round "9"]
[White "Ljubicic,F"]
[Black "Fercec,N"]
[Result "1/2-1/2"]
[WhiteElo "2395"]
[BlackElo "2477"]

1.e4 c5 2.Nf3 d6 3.Bb5+ Nc6 4.O-O Bd7 5.c4 Nf6 6.Nc3 e6 7.d3 Be7 8.h3 O-O
9.Be3 a6 10.Ba4 Rb8 11.Bc2 b5 12.b3 b4 13.Ne2 e5 14.Nh2 Ne8 15.f4 f5 16.exf5 Bxf5
17.Ng3 Bd7 18.fxe5 Rxf1+ 19.Qxf1 dxe5 20.Bd1 Nc7 21.Bf3 Nd4 22.Re1 Nc2 23.Re2 Nxe3
24.Rxe3 Bg5 25.Re2 Bf4 26.Ne4 Ne6 27.g3 Bh6 28.Nf2 Nd4 29.Bd5+ Kh8 30.Re1 Qe7
31.Qg2 Nc2 32.Re2 Nd4 33.Re1 Nc2 34.Re2 Nd4 35.Re1 Nc2 36.Re2 Nd4  1/2-1/2

[Event "Harmonie"]
[Site "Groningen NED"]
[Date "2004.12.22"]
[Round "2"]
[White "Van der Wiel,J"]
[Black "L'Ami,E"]
[Result "1-0"]
[WhiteElo "2493"]
[BlackElo "2516"]

1.e4 c5 2.Nf3 d6 3.Bb5+ Nd7 4.d4 cxd4 5.Qxd4 a6 6.Bxd7+ Bxd7 7.Bg5 f6 8.Be3 e5
9.Qd3 Bc6 10.Nc3 Ne7 11.O-O-O Ng6 12.h4 h5 13.Nd2 b5 14.Nf1 Rc8 15.Ng3 Bd7
16.Nd5 Be6 17.Nf5 Bxf5 18.exf5 Ne7 19.b3 Nxd5 20.Qxd5 Qd7 21.Qe4 Qc6 22.Rd5 Be7
23.Kb1 O-O 24.f3 a5 25.Qd3 Rb8 26.g4 hxg4 27.fxg4 Rfc8 28.g5 a4 29.g6 Qc3
30.Qe2 Kf8 31.Rhd1 Ke8 32.Rxb5 Ra8 33.Rb7 Ra5 34.Rb5 axb3 35.cxb3 Rxa2 36.Qxa2 Qxe3
37.Qd2 Qa7 38.Ra5 Qd7 39.Qd3 Bd8 40.Ra6 Bc7 41.Qd5  1-0

[Event "XIV It"]
[Site "Pamplona ESP"]
[Date "2004.12.24"]
[Round "3"]
[White "De la Riva Aguado,O"]
[Black "Karjakin,Sergey"]
[Result "1/2-1/2"]
[WhiteElo "2528"]
[BlackElo "2576"]

1.e4 c5 2.Nf3 d6 3.Bb5+ Bd7 4.Bxd7+ Qxd7 5.O-O Nf6 6.Re1 Nc6 7.c3 e6 8.d4 cxd4
9.cxd4 d5 10.e5 Ne4 11.Nbd2 Nxd2 12.Bxd2 Be7 13.Rc1 O-O 14.Rc3 Rac8 15.a3 a6
16.Rd3 Qd8 17.h4 Na5 18.Ng5 h6 19.Nh3 Kh7 20.Ng5+ Kg8 21.Nh3 Kh7 22.Ng5+  1/2-1/2